[Event "Lienz op 17th"]
[Site "Lienz"]
[Date "2013.02.15"]
[Round "8"]
[White "Rathgeb, Hubert"]
[Black "Ager, Josef"]
[Result "0-1"]
[WhiteElo "2000"]
[BlackElo "2198"]
[PlyCount "98"]
[EventDate "2013.02.09"]
[EventType "swiss"]
[EventRounds "9"]
[EventCountry "AUT"]
[SourceTitle "CBM 152 Extra"]
[Source "ChessBase"]
[SourceDate "2013.02.25"]
[SourceVersion "1"]
[SourceVersionDate "2013.02.25"]
[SourceQuality "1"]

1. d4 g6 2. Nf3 Nf6 3. Nc3 d5 4. Bf4 Bg7 5. Qd2 h6 6. h3 c6 7. Ne5 Nfd7 8. 0-0-0 b5 9. g4 Qb6 10. e3 Bb7 11. Bg2 a5 12. e4 e6 13. Rhe1 b4 14. Na4 Qd8 15. exd5 cxd5 16. Nxg6 fxg6 17. Rxe6+ Kf7 18. Rde1 Ra6 19. Re7+ Qxe7 20. Rxe7+ Kxe7 21. Nc5 Nxc5 22. dxc5 Re6 23. Bd6+ Kf7 24. Bxd5 Bxd5 25. Qxd5 g5 26. Qb7+ Kg6 27. Bxb8 Rhe8 28. Bd6 Bc3 29. bxc3 bxc3 30. Qf3 Re1+ 31. Qd1 R8e6 32. Bg3 Kf7 33. Bc7 a4 34. Ba5 R6e2 35. c6 Rxd1+ 36. Kxd1 Rd2+ 37. Ke1 Ke6 38. c7 Kd7 39. Bxc3 Rxc2 40. Bg7 Rc6 41. Kd2 Kxc7 42. f4 gxf4 43. Be5+ Kd7 44. Bxf4 Ke7 45. Kd3 Kf7 46. a3 Rb6 47. h4 Rb3+ 48. Ke4 h5 49. g5 Kg6 0-1

[Event "Lienz op 17th"]
[Site "Lienz"]
[Date "2013.02.14"]
[Round "7"]
[White "Egartner, Wolfgang"]
[Black "Rathgeb, Hubert"]
[Result "1/2-1/2"]
[WhiteElo "2112"]
[BlackElo "2000"]
[PlyCount "70"]
[EventDate "2013.02.09"]
[EventType "swiss"]
[EventRounds "9"]
[EventCountry "AUT"]
[SourceTitle "CBM 152 Extra"]
[Source "ChessBase"]
[SourceDate "2013.02.25"]
[SourceVersion "1"]
[SourceVersionDate "2013.02.25"]
[SourceQuality "1"]

1. d4 e6 2. Nf3 d5 3. g3 f5 4. c4 Nf6 5. Bg2 c6 6. 0-0 Bd6 7. b3 Qe7 8. Ne5 0-0 9. Qc2 b6 10. cxd5 cxd5 11. Nc4 Rd8 12. Nxd6 Qxd6 13. Ba3 Qd7 14. Nd2 Nc6 15. Nf3 Ba6 16. Rfc1 Rac8 17. Qd1 Ne4 18. Rc2 Nd6 19. Bxd6 Qxd6 20. Rac1 Nb4 21. Rxc8 Rxc8 22. Rxc8+ Bxc8 23. Ne5 Bb7 24. Qd2 Nc6 25. Nxc6 Bxc6 26. h4 Be8 27. Bf3 a5 28. Kf1 Qa3 29. Qc2 Qd6 30. Qc8 Qc6 31. Qxc6 Bxc6 32. a3 Kf7 33. Ke1 Kf6 34. Kd2 g5 35. hxg5+ Kxg5 1/2-1/2

[Event "Lienz op 17th"]
[Site "Lienz"]
[Date "2013.02.12"]
[Round "5"]
[White "Lederer, Peter1111"]
[Black "Rathgeb, Hubert"]
[Result "0-1"]
[WhiteElo "1842"]
[BlackElo "2000"]
[PlyCount "82"]
[EventDate "2013.02.09"]
[EventType "swiss"]
[EventRounds "9"]
[EventCountry "AUT"]
[SourceTitle "CBM 152 Extra"]
[Source "ChessBase"]
[SourceDate "2013.02.25"]
[SourceVersion "1"]
[SourceVersionDate "2013.02.25"]
[SourceQuality "1"]

1. e4 e6 2. d4 d5 3. Nc3 Nc6 4. e5 Nge7 5. f4 Nf5 6. Nf3 Be7 7. Bb5 0-0 8. 0-0 a6 9. Bxc6 bxc6 10. Ne2 c5 11. c3 Bd7 12. a4 cxd4 13. cxd4 c5 14. Kh1 Qb6 15. dxc5 Bxc5 16. Qd3 Rab8 17. g4 Ne7 18. Ng5 Ng6 19. Qh3 h6 20. Nf3 Qb3 21. Ng3 Be3 22. f5 Nf4 23. Qh4 Qc2 24. Ne1 Qc5 25. Rxf4 Bxc1 26. Rf1 Bxb2 27. Nd3 Qe3 28. Nxb2 Rxb2 29. Rae1 Qg5 30. Qxg5 hxg5 31. Rb1 Rfb8 32. Rbc1 Bxa4 33. fxe6 fxe6 34. Rc7 R2b7 35. Rff7 Rxc7 36. Rxc7 g6 37. Ne2 Rb4 38. Nc3 Be8 39. Ra7 d4 40. Ra8 Kf7 41. Ra7+ Kf8 0-1

[Event "Lienz op 17th"]
[Site "Lienz"]
[Date "2013.02.10"]
[Round "3"]
[White "Kassel, Walter"]
[Black "Rathgeb, Hubert"]
[Result "1-0"]
[WhiteElo "1861"]
[BlackElo "2000"]
[PlyCount "45"]
[EventDate "2013.02.09"]
[EventType "swiss"]
[EventRounds "9"]
[EventCountry "AUT"]
[SourceTitle "CBM 152 Extra"]
[Source "ChessBase"]
[SourceDate "2013.02.25"]
[SourceVersion "1"]
[SourceVersionDate "2013.02.25"]
[SourceQuality "1"]

1. d4 e6 2. e4 d5 3. Nc3 Nc6 4. Nf3 Nf6 5. Bg5 Be7 6. e5 Ne4 7. Bxe7 Qxe7 8. a3 Nxc3 9. bxc3 Na5 10. Bd3 b6 11. 0-0 c5 12. Nd2 Nc6 13. Qg4 0-0 14. Nf3 h6 15. Rfe1 Bd7 16. Re3 f5 17. exf6 Qxf6 18. Rf1 Qf4 19. Qg6 Qf6 20. Qh7+ Kf7 21. Ne5+ Nxe5 22. dxe5 Qg5 23. f4 1-0

[Event "Feffernitz Raika op 18th"]
[Site "Feffernitz"]
[Date "2009.08.22"]
[Round "8"]
[White "Rathgeb, Hubert"]
[Black "Saringer, Hubert"]
[Result "1-0"]
[WhiteElo "2015"]
[BlackElo "1840"]
[PlyCount "53"]
[EventDate "2009.08.16"]
[EventType "swiss"]
[EventRounds "9"]
[EventCountry "AUT"]
[SourceTitle "CBM 131 Extra"]
[Source "ChessBase"]
[SourceDate "2009.09.03"]
[SourceVersion "2"]
[SourceVersionDate "2009.09.16"]
[SourceQuality "1"]

1. d4 Nf6 2. c4 e6 3. Nc3 d5 4. Nf3 c5 5. cxd5 exd5 6. Bg5 cxd4 7. Qxd4 Nc6 8. Qe3+ Be6 9. 0-0-0 Be7 10. Bxf6 gxf6 11. Qd2 Qa5 12. e3 Rc8 13. Kb1 0-0 14. Nd4 a6 15. Bd3 Nb4 16. Bf5 Qb6 17. a3 Nc6 18. Nxe6 fxe6 19. Bxe6+ Kh8 20. Bxc8 Rxc8 21. Nxd5 Qc5 22. Nxe7 Qxe7 23. Qd7 Qe5 24. Ka1 Na7 25. Qd4 Qxd4 26. Rxd4 Nc6 27. Rd7 1-0

[Event "Feffernitz Raika op 18th"]
[Site "Feffernitz"]
[Date "2009.08.21"]
[Round "7"]
[White "Hartl, Daniel"]
[Black "Rathgeb, Hubert"]
[Result "1-0"]
[WhiteElo "2249"]
[BlackElo "2015"]
[PlyCount "81"]
[EventDate "2009.08.16"]
[EventType "swiss"]
[EventRounds "9"]
[EventCountry "AUT"]
[SourceTitle "CBM 131 Extra"]
[Source "ChessBase"]
[SourceDate "2009.09.03"]
[SourceVersion "2"]
[SourceVersionDate "2009.09.16"]
[SourceQuality "1"]

1. e4 e6 2. d4 d5 3. Nc3 Nf6 4. e5 Nfd7 5. f4 c5 6. Nf3 Nc6 7. Bd3 Qb6 8. Na4 Qa5+ 9. Nc3 Qb6 10. a3 a6 11. Be2 c4 12. Rb1 Be7 13. 0-0 Qc7 14. f5 Nf8 15. Ng5 Bxg5 16. Bxg5 h6 17. Be3 Bd7 18. b3 Na5 19. b4 Nc6 20. b5 Ne7 21. fxe6 fxe6 22. a4 g6 23. Bc1 Nf5 24. g4 Nh4 25. Ba3 g5 26. Bf3 axb5 27. Bd6 Qa5 28. Bb4 Qb6 29. Bc5 Qa5 30. Bb4 Qb6 31. axb5 Nxf3+ 32. Qxf3 Qxd4+ 33. Kh1 Qf4 34. Qe2 Qd4 35. Rbd1 Qb6 36. Qf3 0-0-0 37. Ra1 Bxb5 38. Ra8+ Kc7 39. Ba5 Rxa8 40. Nxb5+ Kc6 41. Bxb6 1-0

[Event "Feffernitz Raika op 18th"]
[Site "Feffernitz"]
[Date "2009.08.19"]
[Round "5"]
[White "Kock, Hans Uwe"]
[Black "Rathgeb, Hubert"]
[Result "1-0"]
[WhiteElo "2155"]
[BlackElo "2015"]
[PlyCount "75"]
[EventDate "2009.08.16"]
[EventType "swiss"]
[EventRounds "9"]
[EventCountry "AUT"]
[SourceTitle "CBM 131 Extra"]
[Source "ChessBase"]
[SourceDate "2009.09.03"]
[SourceVersion "2"]
[SourceVersionDate "2009.09.16"]
[SourceQuality "1"]

1. d4 e6 2. c4 d5 3. Nf3 c6 4. e3 Bd6 5. Nc3 f5 6. cxd5 exd5 7. Bd3 Nf6 8. Qc2 Ne4 9. 0-0 0-0 10. Ne2 Qf6 11. Ne1 Qh4 12. g3 Qh5 13. f3 Nf6 14. Ng2 g6 15. Bd2 b6 16. b4 Re8 17. Rae1 Bb7 18. Qb3 Nbd7 19. Bc1 a5 20. a3 axb4 21. axb4 Kh8 22. Nef4 Qh6 23. Nxd5 Qg7 24. Nxf6 Nxf6 25. Bb2 Nd5 26. e4 fxe4 27. fxe4 Nc7 28. Rf7 Qg8 29. d5+ Re5 30. dxc6 Bxc6 31. Bc4 b5 32. Qc3 Qe8 33. Bb3 Rc8 34. Rf6 Bd5 35. Rxd6 Bxb3 36. Qxe5+ Qxe5 37. Bxe5+ Kg8 38. Rc6 1-0

[Event "Feffernitz Raika op 14th"]
[Site "Feffernitz"]
[Date "2005.08.21"]
[Round "2"]
[White "Rathgeb, Hubert"]
[Black "Arztmann, Wolfgang"]
[Result "1-0"]
[WhiteElo "2014"]
[BlackElo "2146"]
[PlyCount "147"]
[EventDate "2005.08.21"]
[EventType "swiss"]
[EventRounds "9"]
[EventCountry "AUT"]
[SourceTitle "CBM 108 Extra"]
[Source "ChessBase"]
[SourceDate "2005.11.04"]
[SourceVersion "1"]
[SourceVersionDate "2005.11.04"]
[SourceQuality "1"]

1. d4 Nc6 2. Nf3 d5 3. e3 Bg4 4. Be2 e6 5. Nbd2 Nf6 6. h3 Bh5 7. 0-0 Be7 8. c4 0-0 9. cxd5 exd5 10. a3 a5 11. Qa4 Qd6 12. Bb5 Nd7 13. Qc2 Bg6 14. Qc3 a4 15. b3 axb3 16. Nxb3 Na7 17. Bxd7 Qxd7 18. Ne5 Qc8 19. a4 Bd6 20. Nxg6 hxg6 21. Nc5 b6 22. Nd3 Qd7 23. Ba3 Nc6 24. Bxd6 cxd6 25. Qb3 Ra5 26. Rfc1 Rb8 27. Nb4 Nxb4 28. Qxb4 Rba8 29. Qxb6 Rxa4 30. Rxa4 Rxa4 31. Qc6 Ra7 32. Qxd7 Rxd7 33. Rc8+ Kh7 34. Rc6 g5 35. Ra6 Kg6 36. Ra5 f6 37. Rxd5 Kf7 38. g4 Ke6 39. Ra5 Rc7 40. Kg2 Rb7 41. Kg3 g6 42. h4 gxh4+ 43. Kxh4 Rb2 44. Kg3 Rb7 45. f4 Rc7 46. f5+ gxf5 47. gxf5+ Kd7 48. Kf4 Rb7 49. Ke4 Kc6 50. Ra6+ Kd7 51. Ra8 Rb5 52. Ra7+ Ke8 53. Rc7 Ra5 54. Rb7 d5+ 55. Kf4 Ra6 56. Rb5 Rd6 57. e4 dxe4 58. Kxe4 Ke7 59. Rb7+ Ke8 60. d5 Ra6 61. Rb4 Ke7 62. Kd4 Kd6 63. Rc4 Kd7 64. Ke4 Kd6 65. Rb4 Kc5 66. Rd4 Kd6 67. Rc4 Kd7 68. Kd4 Kd6 69. Rb4 Kd7 70. Kc5 Ra5+ 71. Rb5 Ra6 72. Rb7+ Ke8 73. Rb6 Ra5+ 74. Kd6 1-0